01650cam a2200313 a 450000100090000000300040000900500170001300800410003001000170007102000150008802000180010303500230012103500200014404000440016405000250020808200140023310000280024724500740027524600150034926000390036430000340040350400660043750506420050365000320114585600830117790600450126094200120130599900190131714761193OSt20170208115529.0070307s2007 inua b 001 0 eng  a 2007009617 a0789736748 a9780789736741 a(OCoLC)ocm85822675 a(OCoLC)85822675 aDLCcDLCdBAKERdBTCTAdC#PdYDXCPdDLC00aML74.4.I48bM55 200700a006.52221 aMiller, Michael,d1958-10aiPodpedia :bthe ultimate iPod and iTunes resource /cMichael Miller.3 aiPod-pedia aIndianapolis, Ind. :bQue,cc2007. axxv, 500 p. :bill. ;c23 cm. aIncludes bibliographical references (p. [461]-462) and index.0 aBackground. The history ; The iPod family ; The iPhone -- Operation. Using the iPod ; Using the iTunes software ; Using the iTunes store -- Applications. Music ; Podcasts ; Audiobooks ; Photos ; Videos ; Games -- Special uses. Using your iPod in the living room ; Using your iPod in the car ; Using your iPod as a portable storage device ; Using your iPod to record audio and podcasts ; Using your iPod for running and exercise ; Using your iPod as a calendar/scheduler ; Using iTunes to manage your music purchases -- Secrets. iPod tips and tricks ; iPod hacks -- Support. iPod accessories ; Third-party software ; iPod troubleshooting. 0aiPod (Digital music player)413Table of contents onlyuhttp://www.loc.gov/catdir/toc/ecip0712/2007009617.html a7bcbccorignewd1eecipf20gy-gencatlg 2lcccBK c255414d255413